000 00347nam a2200145Ia 4500
005 20251222144859.0
008 251222s9999||||xx |||||||||||||| ||spa||
020 _a978-84-668-1056-2
082 _a425.02/G59W/A2
100 _aBrewster, Simon
245 4 _aThe Big Picture:
250 _a1a.ed.
264 _bRichmond Publishing
942 _cLIB
999 _c21910
_d21910